00492 2200193 4500001002100000005001500021035002000036008004100056245006300097100001300160250000600173260004700179300001200226084001400238082000800252650001400260990001200274990001200286INLIS00000000000027720240503073504 a0010-0424000253240503 0 ind 1 aStrategi Jitu Menjuarai OSN Matematika Jilid 2 /cTIM LOPI aTIM LOPI a1 aJakarta :bPT. Bina Prestasi Insani,c2017 a201 hlm a510 TIM s a510 4aNon Fiksi a0732342 a0732343